00903nam a2200193 i 450000100060000000300090000600500170001500700030003200800410003510000280007624502850010426000630038930000220045265000450047470000320051985200210055199900170057295201200058938766ES-MaACL20230906155821.0t|030226s1907 sp ||||1| spa d0 aCalvet, Eduardo.93380610aAgrupaciones de hiladores y tejedores del Fomento del Trabajo Nacional adheridas a la Federación Internacional de Asociaciones de Industrias Algodonerasb: memoria del congreso celebrado en Viena ... 1907 / credactado por los congresistas Eduardo Calvert, y Joaquín Aguilera. aBarcelona : b[s.n.], c1907 (fVda. de Domingo Casanovas) a319 p. ; c23 cm.04aIndustria algodonera-vCongresos.9137181 aAguilera, Joaquín.918761 aES-MaACLjG-9972 c38766d38766 00104070aATENEOMbATENEOMcSPP3d2008-01-17eSCl0oG-9972p1040821r2023-02-23 00:00:00w2023-02-23yMONOGRAFIA